书目信息 |
| 题名: |
张君秋戏剧散论
|
|
| 作者: | 张君秋 著 ;安志强 , 谢虹雯 整理 | |
| 分册: | ||
| 出版信息: | 北京 中国戏剧出版社 1983 |
|
| 页数: | 241页 | |
| 开本: | 21cm | |
| 丛书名: | ||
| 单 册: | ||
| 中图分类: | J80 | |
| 科图分类: | ||
| 主题词: | 戏剧--艺术理论 | |
| 电子资源: | ||
| ISBN: | ||
| 000 | 00736nam0 2200253 45 | |
| 001 | 0183004110 | |
| 005 | 20051114101436.32 | |
| 010 | @dCNY1.10 | |
| 091 | @a8069.365 | |
| 100 | @a19960618d1983 em y0chiy0121 ea | |
| 101 | 0 | @achi |
| 102 | @aCN@b110000 | |
| 105 | @af z 000yy | |
| 200 | 10 | @a张君秋戏剧散论@Azhang jun qiu xi ju san lun@f张君秋著@Fzhang jun qiu zhu@g谢虹雯,安志强整理 |
| 210 | @a北京@c中国戏剧出版社@d1983 | |
| 215 | @a241页@c照片@d21cm | |
| 606 | 0 | @a戏剧@x艺术理论 |
| 690 | @aJ80 | |
| 701 | 0 | @a张君秋@Azhang jun qiu@4著 |
| 702 | 0 | @a安志强@Aan zhi qiang@4整理 |
| 702 | 0 | @a谢虹雯@Axie hong wen@4整理 |
| 801 | 2 | @aCN@bNLC@c20051114 |
| 801 | 0 | @aCN@b上海图书馆@c20040510 |
| 905 | @f2@b100561-562@dJ80@e11 | |
| 张君秋戏剧散论/张君秋著/谢虹雯,安志强整理.-北京:中国戏剧出版社,1983 |
| 241页:照片;21cm |
| ISBN :CNY1.10 |
| ● |
| 相关链接 |
|
|
|
|
正题名:张君秋戏剧散论
索取号:J80/11
 
预约/预借
| 序号 | 登录号 | 条形码 | 馆藏地/架位号 | 状态 | 备注 |
| 1 | 0100561 | 001224017 | 第一借阅区/ [索取号:J80/11] | 在馆 | |
| 2 | 0100562 | 001224080 | 第一样本阅览室/ [索取号:J80/11] | 在馆 | |
| 3 | 0100563 | 202143340 | 密集书库/ [索取号:J80/11] | 在馆 |